Cricketers by Picture #1 - Statistics

General Stats
  • This quiz has been taken 52 times
  • The average score is 10 of 16
Answer Stats
Picture Answer % Correct
Sachin Tendulkar
96%
Virat Kohli
96%
Steven Smith
94%
Shane Warne
79%
Kumar Sangakkara
71%
Mahendra Singh Dhoni
71%
Muttiah Muralitharan
71%
Hashim Amla
65%
Sir Vivian Richards
58%
Kevin Pietersen
54%
Graeme Swann
46%
Shaun Pollock
46%
Vijay Shankar
44%
Allan Donald
33%
Sikindar Raza
25%
Kevin O'Brien
23%
No matching quizzes found
Score Distribution
Percent of People with Each Score
Percentile by Number Answered
Your Score History
You have not taken this quiz